| 000 | 00000nas 2200000za 4500 |
| 001 | 9.816386 |
| 003 | CaOODSP |
| 005 | 20221107142235 |
| 007 | cr ||||||||||| |
| 008 | 160427c19799999onc x m o f000#b0fre|d |
| 040 | |aCaOODSP|bfre |
| 041 | |aeng|afre |
| 043 | |an-cn--- |
| 086 | 1 |aFs41-31-PDF |
| 245 | 00|aCanadian special publication of fisheries and aquatic sciences |h[ressource électronique] = |bPublication spéciale canadienne des sciences halieutiques et aquatiques. |
| 246 | 11|aPublication spéciale canadienne des sciences halieutiques et aquatiques |
| 260 | |a[Ottawa] : |bDepartment of Fisheries and Oceans = Ministère des pêches et des océans, |c1979- |
| 310 | |aIrrégulier |
| 362 | 0 |a43- |
| 500 | |aÉditions numérisée de l’imprimé |
| 546 | |aTexte en anglais et en français. |
| 692 | 07|2gccst|aPêcheries |
| 692 | 07|2gccst|aÉcosystème aquatique |
| 710 | 1 |aCanada. |bMinistère des pêches et des océans. |
| 775 | 08|tPublication spéciale canadienne des sciences halieutiques et aquatiques.|w(CaOODSP)9.889008 |
| 776 | 0#|tCanadian special publication of fisheries and aquatic sciences = |w(CaOODSP)9.509337 |
| 791 | |tCanadian special publication of fisheries and aquatic sciences |eeng|w(CaOODSP)9.816381 |